| 000 | 00744 a2200229 4500 | ||
|---|---|---|---|
| 999 |
_c200129252 _d19841 |
||
| 001 | 200129252 | ||
| 003 | TR-AnTOB | ||
| 005 | 20240117151438.0 | ||
| 008 | 130510b tu 000 0 | ||
| 040 |
_aTR-AnTOB _cTR-AnTOB _beng _erda |
||
| 041 | _atur | ||
| 050 |
_aHF1010.T9 _bK62 2012 |
||
| 090 | _aHF1010.T9 K62 2012 | ||
| 245 | 0 |
_aKOBİ'ler için iş sağlığı ve güvenlik yönetim rehberi : _binşaat sektörü |
|
| 264 | 1 |
_aAnkara: _bÇalışma ve Sosyal Güvenlik Bakanlığı, _c2012 |
|
| 300 |
_a73 p. : _bşkl., tbl. ; _c27 sm. |
||
| 650 | 0 |
_aEndüstriyel güvenlik _zTürkiye _945407 |
|
| 650 |
_aEndüstriyel refah _zTürkiye _949771 |
||
| 650 | 7 |
_aMetal ticareti _zTürkiye _2etuturkob _944236 |
|
| 942 |
_cBK _2lcc |
||